Schloss Einstein Staffel 17 Hauptcharaktere - Statistiken

Allgemein
  • Dieses Quiz wurde 87 mal gespielt
  • Das Durchschnittsergebnis liegt bei 12 aus 16
Antwortstatistiken
Hint Antwort % Korrekt
1 Constanze
90%
3 Pippi
87%
14 Tommy
87%
5 Hubertus
81%
4 David
75%
6 Dominik
75%
2 Roxy
75%
15 Daphne
72%
12 Miriam
70%
7 Raphael
70%
11 Adrian
69%
8 Nils
67%
10 Serena
67%
13 Tobias
67%
9 Li-Ming
61%
16 Jonny
49%
Keine übereinstimmenden Quizze gefunden
Verteilung der Resultate
Anzahl Personen mit jedem Resultat
Perzentil nach korrekt beantworteten Fragen
Ihre Resultats-Entwicklung
Sie haben dieses Quiz noch nicht gespielt